00694nam a22001935i 450000100060000000300090000600500170001500700030003200800410003504000200007610000330009624501070012926000610023630000680029765100340036565100350039965100450043485200210047948775ES-MaACL20230906161822.0t|950731s1896 fr a ||||1| fre d aCAM bspa cCAM1 aDiehl, Charles (d1859-1914)12aL'Afrique Byzantine b: histoire de la domination byzantine en Afrique: 533-709 / cpar Charles Diehl. aParis : bErnest Leroux, c1896 (eAngers : fA. Burdin) a[4], XIV, 644 p., [10], [2] h. de map. pleg. : bil. ; c25 cm. 4aMagreb-xHistoria-y647-1517. 4aMagreb-xHistoria-yHasta 647. 4aImperio bizantino-xHistoria-y527-1081. aES-MaACLjC-1848